Human rights in the world (Record no. 5868)
[ view plain ]
| 000 -LEADER | |
|---|---|
| fixed length control field | 006860000a22002290004500 |
| 003 - CONTROL NUMBER IDENTIFIER | |
| control field | LSTLib |
| 020 ## - INTERNATIONAL STANDARD BOOK NUMBER | |
| International Standard Book Number | 0719022789 |
| 041 ## - LANGUAGE CODE | |
| Language code of text/sound track or separate title | English Language |
| 082 ## - DEWEY DECIMAL CLASSIFICATION NUMBER | |
| Classification number | 343.4 |
| Item number | ROB |
| 245 ## - TITLE STATEMENT | |
| Title | Human rights in the world |
| Remainder of title | An introduction to the study of the international protection of human rights |
| 250 ## - EDITION STATEMENT | |
| Edition statement | 3 |
| 260 ## - PUBLICATION, DISTRIBUTION, ETC. | |
| Place of publication, distribution, etc. | Manchester |
| Name of publisher, distributor, etc. | Manchester University Press |
| Date of publication, distribution, etc. | 1989 |
| 300 ## - PHYSICAL DESCRIPTION | |
| Extent | 314 |
| 650 ## - SUBJECT ADDED ENTRY--TOPICAL TERM | |
| Topical term or geographic name entry element | american convention |
| 9 (RLIN) | 7379 |
| 650 ## - SUBJECT ADDED ENTRY--TOPICAL TERM | |
| Topical term or geographic name entry element | Europe |
| 9 (RLIN) | 1356 |
| 650 ## - SUBJECT ADDED ENTRY--TOPICAL TERM | |
| Topical term or geographic name entry element | Human rights |
| 9 (RLIN) | 7380 |
| 650 ## - SUBJECT ADDED ENTRY--TOPICAL TERM | |
| Topical term or geographic name entry element | humanitarian law |
| 9 (RLIN) | 605 |
| 650 ## - SUBJECT ADDED ENTRY--TOPICAL TERM | |
| Topical term or geographic name entry element | protection of human rights |
| 9 (RLIN) | 2690 |
| 700 ## - ADDED ENTRY--PERSONAL NAME | |
| Personal name | Merrills, J.G. |
| 9 (RLIN) | 7381 |
| 700 ## - ADDED ENTRY--PERSONAL NAME | |
| Personal name | Robertson, A.H. |
| 9 (RLIN) | 7382 |
| 942 ## - ADDED ENTRY ELEMENTS (KOHA) | |
| Koha item type | Text Books |
| Call number prefix | 343.4 |
| Call number suffix | ROB |
| Withdrawn status | Lost status | Source of classification or shelving scheme | Damaged status | Not for loan | Collection code | Home library | Current library | Shelving location | Date acquired | Total Checkouts | Full call number | Barcode | Date last seen | Price effective from | Koha item type |
|---|---|---|---|---|---|---|---|---|---|---|---|---|---|---|---|
| Law Collection | Law & Society Trust (LST) | Law & Society Trust (LST) | Main shelving Area | 03/03/2003 | 343.4 ROB | 004765 | 02/13/2020 | 02/13/2020 | Text Books |
